| 000 | 00783nam a2200253 a 4500 | ||
|---|---|---|---|
| 001 | 63230 | ||
| 003 | BD-RjUL | ||
| 005 | 20211209081155.0 | ||
| 008 | 170129s1980 nyu b 001 0 eng | ||
| 020 | _a0393950794 (pbk.) | ||
| 035 | _a(BD-RjUL)63359 | ||
| 040 |
_aDLC _cDLC _dBD-RjUL _beng |
||
| 041 | _aeng | ||
| 082 | 0 | 0 |
_a808.8 _223 _bNOR 1980 |
| 245 | 0 | 4 |
_aThe Norton anthology of world masterpieces / _cMaynard Mack, general editor ... [et al.]. |
| 250 | _a4th continental ed. | ||
| 260 |
_aNew York : _bNorton, _cc1980. |
||
| 300 |
_av. ; _c22 cm. |
||
| 504 | _aIncludes bibliographical references and index. | ||
| 650 | 0 |
_aLiterature _vTranslations into English. _9188197 |
|
| 700 | 1 |
_aMack, Maynard, _d1909-2001. _9188198 |
|
| 942 |
_2ddc _cBK |
||
| 999 |
_c63230 _d63230 |
||